| 000 | 00857nam a2200205Ii 4500 | ||
|---|---|---|---|
| 003 | JO-AjNU | ||
| 008 | 230605s9999||||xx |||||||||||||| ||und|| | ||
| 040 |
_aJO-AjNU _bara _erda _cJO-AjNU |
||
| 041 | _aara | ||
| 050 | 1 | 4 | _aBP144.D332.2011 |
| 100 | 3 |
_aداغي، علي محي الدين القره, _eauthor _961736 |
|
| 245 | 0 | 0 | _aالتأمين التكافلي الاسلامي: دراسة فقهية تاصيلية مقارنة بالتامين التجاري مع التطبيقات العملية، ج2 |
| 250 | _aط6 | ||
| 264 | 3 | 1 | _aبيروت: دار البشائر الاسلامية، 2011 |
| 300 | _aج2: 703ص | ||
| 336 |
_atext _btxt _2rdacontent |
||
| 337 |
_aunmediated _bn _2rdamedia |
||
| 338 |
_avolume _bnc _2rdacarrier |
||
| 650 | 4 |
_aالتكافل الاسلامي-الفقة الاسلامي- التامين التجاري _961737 |
|
| 999 |
_aA27921 _c31489 _d31489 |
||